Départements français sans la lettre E - Statistiques

Statistiques générales
  • Ce quiz a été pris 258 fois
  • Le résultat moyen est 12 sur 14
Statistiques - réponses
Réponses % Correct
Ain
95%
Nord
94%
Var
94%
Gard
93%
Jura
91%
Lot
90%
Tarn
89%
Doubs
88%
Paris
84%
Bas Rhin
83%
Haut Rhin
83%
Calvados
81%
Cantal
81%
Morbihan
81%
Aucun quiz correspondant
Distribution des résultats
% des personnes avec chaque résultat
Percentile par nombre de réponses
Votre historique - résultats
Vous n’avez pas pris ce quiz